<?xml version="1.0" encoding="UTF-8"?>
<record
    xmlns:xsi="http://www.w3.org/2001/XMLSchema-instance"
    xsi:schemaLocation="http://www.loc.gov/MARC21/slim http://www.loc.gov/standards/marcxml/schema/MARC21slim.xsd"
    xmlns="http://www.loc.gov/MARC21/slim">

  <leader>03345nmm a2200205 a 4500</leader>
  <controlfield tag="001">ASINB0097SNWPQ</controlfield>
  <controlfield tag="005">20170105102928.0</controlfield>
  <controlfield tag="008">131213s2010    xxu                 eng d</controlfield>
  <datafield tag="040" ind1=" " ind2=" ">
    <subfield code="a">0</subfield>
  </datafield>
  <datafield tag="082" ind1=" " ind2=" ">
    <subfield code="a">070.44932095491</subfield>
    <subfield code="b">UND 2010</subfield>
  </datafield>
  <datafield tag="245" ind1="0" ind2="0">
    <subfield code="a">Understanding the militants' media in pakistan</subfield>
    <subfield code="h">[electronic resource] :</subfield>
    <subfield code="b">outreach and impact /</subfield>
    <subfield code="c">Pak Institute for Peace Studies.</subfield>
  </datafield>
  <datafield tag="250" ind1=" " ind2=" ">
    <subfield code="a">1st ed.</subfield>
  </datafield>
  <datafield tag="260" ind1=" " ind2=" ">
    <subfield code="a">[S.l.] :</subfield>
    <subfield code="b">Pak Institute for Peace Studies,</subfield>
    <subfield code="c">2010.</subfield>
  </datafield>
  <datafield tag="300" ind1=" " ind2=" ">
    <subfield code="a">1 online resource (230 p.)</subfield>
  </datafield>
  <datafield tag="500" ind1=" " ind2=" ">
    <subfield code="a">Kindle eBook.</subfield>
  </datafield>
  <datafield tag="520" ind1=" " ind2=" ">
    <subfield code="a">The book aims to map militant media, its genesis and evolution in Pakistan. Content Analysis of militant print media reveals that the use of diction, terminologies style and tone of militant media is totally different from the mainstream media. The book also discusses the impact of militants&#x2019; media on the society at large. According to the findings of this research Jihadi print media has been promoting global Jihad in one way or the other. The study illustrates that Jihadi publications focused particularly on Iraq, Azerbaijan, Tajikistan, East Germany, Poland, Czechoslovakia, Romania, Bosnia, Arakan (Myanmar), Eritrea, Palestine, Sistan (Iran), China and Central Asia. Criticism of the United States, Russia and the West, calling them infidels, anti-Muslim and anti-Islam has been a regular feature of such publications. The book concludes that the militant media is gradually expanding its influence and outreach. The book outlines a series of recommendations that can support efforts to contain militants&#x2019; media in Pakistan. The book&#x2019;s contents are as follow; Introduction Chapter 1: Genesis and Evolution of Militants&#x2019; Publications 1.1 Use of Militant Literature in the Soviet-Afghan War (1980-88) &#x2022; Themes of Militant Publications during the Soviet-Afghan War &#x2022; The Impact and Composition &#x2022; The Evolution 1.2 Period of Growth and Modernization (1989-2000) &#x2022; Kashmir &#x2022; Global Jihad 1.3 Impact of the War on Terrorism on Militants&#x2019; Media in Pakistan &#x2022; Key Messages of Post 9/11 Chapter 2: Militants&#x2019; Media Landscape (2009) 2.1 Militants&#x2019; Publications &#x2022; Jamaatud Daawa &#x2022; Al Amin Trust &#x2022; Jiash-e-Muhammad &#x2022; Other Deobandi Militant Groups&#x2019; Publications &#x2022; Militant Groups&#x2019; Publications Affiliated or Influenced by Jamaat-e-Islami Ideology &#x2022; Tehrikul Mujahideen &#x2022; Nawa-i-Afghan Jihad 2.2 Publications by Sectarian Groups 2.3 Madrassa Publications 2.4 Pro-Militancy Media Publications 2.5 Parallel Propaganda Campaign: Leaflets and Shabnamas (Night Letters) 2.6 Circulation, Distribution and Outreach Chapter 3: Contents 3.1 Space Devoted to Issues: An Analysis of Categories 3.2 Adverstising 3.3 Quality and Authenticity of Reporting 3.4 Diction, Style and Tone 3.5 Rhetoric: Emotionalism and Sensationalization 3.6 Disparagement and Glorification 3.7 Criticism: Satire and Irony Chapter 4: Themes 4.1 The Question of Palestine 4.2 Coverage on Afghanistan 4.3 Coverage on Iraq 4.4 Coverage on Jammu and Kashmir 4.5 Targeting Female Audience Chapter 5: Impact 5.1 On Society &#x2022; Survey Findings 5.2 On Mainstream Media &#x2022; A Case Study Conclusion Recommendations Annexures Glossary.</subfield>
  </datafield>
  <datafield tag="700" ind1="1" ind2=" ">
    <subfield code="a">Studies, Pak Institute for Peace.</subfield>
  </datafield>
  <datafield tag="856" ind1="4" ind2="0">
    <subfield code="3">Amazon.com</subfield>
    <subfield code="u">http://www.amazon.com/exec/obidos/ASIN/B0097SNWPQ/chopaconline-20</subfield>
  </datafield>
  <datafield tag="942" ind1=" " ind2=" ">
    <subfield code="2">ddc</subfield>
    <subfield code="c">BK</subfield>
  </datafield>
  <datafield tag="999" ind1=" " ind2=" ">
    <subfield code="c">15912</subfield>
    <subfield code="d">15912</subfield>
  </datafield>
  <datafield tag="952" ind1=" " ind2=" ">
    <subfield code="0">0</subfield>
    <subfield code="1">0</subfield>
    <subfield code="4">0</subfield>
    <subfield code="7">0</subfield>
    <subfield code="8">NFIC</subfield>
    <subfield code="a">CIPS</subfield>
    <subfield code="b">CIPS</subfield>
    <subfield code="c">GEN</subfield>
    <subfield code="d">2013-10-03</subfield>
    <subfield code="l">0</subfield>
    <subfield code="o">070.44932095491 UND 2010</subfield>
    <subfield code="p">CIPS0001677</subfield>
    <subfield code="r">2013-12-13</subfield>
    <subfield code="w">2013-12-13</subfield>
    <subfield code="y">BK</subfield>
  </datafield>
</record>
